000 00328cam a22001217a 4500
008 180718b1995 xxu||||| |||| 00| 0 eng d
020 _a81 7055 406 3
100 _aRajkishore,
245 _aBhrastachar kee chounoti
_cedited by Rajkishore
260 _aNew Delhi
_bVani Prakashan
_c1995
300 _a163p.
650 _aBhrastachar
999 _c439134
_d439134